000 00636nam a2200181Ia 4500
008 151202s9999||||xx |||||||||||||| ||und||
082 _bPNVM-86463
100 _aप्रभु मीना
245 _aमेक्सिकोपर्व
260 _b"पुरंदरे प्रकाशन,१२२८, सदाशिव पेठ,पुणे -४११०३०"
260 _c2015
300 _a278
600 _aप्रभु मीना
630 _aमेक्सिकोपर्व
700 _aप्रभु मीना
730 _aमेक्सिकोपर्व
942 _cBOOK
999 _c1350509
_d1350506